| 000 | 01298cam a2200361 a 4500 | ||
|---|---|---|---|
| 001 | 1605606 | ||
| 003 | ARRUPE | ||
| 005 | 20150327132342.0 | ||
| 008 | 940622r19941913enk b 000 0 eng d | ||
| 010 | _a 94174554 | ||
| 015 | _aGB94-38188 | ||
| 020 | _a0094733805 (pbk.) | ||
| 035 | _a(OCoLC)30547310 | ||
| 040 |
_aUk _cUk _dDLC |
||
| 041 | 1 | _aeng | |
| 042 | _alccopycat | ||
| 050 | 0 | 0 |
_aPB1424. _bM4 |
| 082 | 0 | 0 |
_a891.6/211 _220 |
| 100 |
_aMeyer, Kuno, _915789 |
||
| 130 | 0 |
_aSelections from ancient Irish poetry. _915790 |
|
| 245 | 0 | 0 |
_aSelections from Ancient Irish poetry / _ctranslated by Kuno Meyer. |
| 250 | _a2nd impression | ||
| 260 |
_aLondon : _bConstable, _c1911. |
||
| 300 |
_axvi, 114, [1] p. ; _c22 cm. |
||
| 500 | _aOriginally published: Selections from ancient Irish poetry. 2nd ed. London : Constable & Co., 1913. | ||
| 504 | _aIncludes bibliographical references (p. 111-[115]). | ||
| 650 | 0 |
_aIrish poetry _xTranslations into English. _xOld Irish _915791 |
|
| 650 | 0 |
_aEnglish poetry _xTranslations from Old Irish _916708 |
|
| 700 | 1 |
_aMeyer, Kuno, _d1858-1919. _915792 |
|
| 906 |
_a7 _bcbc _ccopycat _d3 _encip _f19 _gy-gencatlg |
||
| 942 |
_2lcc _cMONOGRAPH |
||
| 999 |
_c122275 _d122275 |
||